Enterprising solutions (Record no. 63733)

MARC details
000 -LEADER
fixed length control field 01041cam a2200241 4500
001 - CONTROL NUMBER
control field ABS62498
008 - FIXED-LENGTH DATA ELEMENTS--GENERAL INFORMATION
fixed length control field 000000n2000 000 0 eng u
035 ## - SYSTEM CONTROL NUMBER
System control number (Sirsi) u106405
100 ## - MAIN ENTRY--PERSONAL NAME
Personal name Lupton, M.
245 ## - TITLE STATEMENT
Title Enterprising solutions
260 ## - PUBLICATION, DISTRIBUTION, ETC.
Date of publication, distribution, etc. 2000
490 ## - SERIES STATEMENT
Series statement Housing Today
Volume/sequential designation (185) 25 May 2000, 16-17(2)
520 ## - SUMMARY, ETC.
Summary, etc. Discusses the finding of a new report by the Chartered Institute of Housing that low demand means some housing associations are at financial risk. Suggests measures the government and regulator could take to provide more support to housing associations. "Sustaining success - RSLs, financial risk and low demand" - available from CIH, priced £20 plus £1.50p&p. Tel: 02476 851752.
590 ## - LOCAL NOTE (RLIN)
Local note ABS
650 ## - SUBJECT ADDED ENTRY--TOPICAL TERM
Topical term or geographic name entry element HOUSING ASSOCIATIONS
650 ## - SUBJECT ADDED ENTRY--TOPICAL TERM
Topical term or geographic name entry element SUSTAINING SUCCESS - RSLS, FINANCIAL RISK AND LOW DEMAND
650 ## - SUBJECT ADDED ENTRY--TOPICAL TERM
Topical term or geographic name entry element REGISTERED SOCIAL LANDLORDS
650 ## - SUBJECT ADDED ENTRY--TOPICAL TERM
Topical term or geographic name entry element HOUSING ASSOCIATION RENTS
650 ## - SUBJECT ADDED ENTRY--TOPICAL TERM
Topical term or geographic name entry element HOUSING GREEN PAPER
650 ## - SUBJECT ADDED ENTRY--TOPICAL TERM
Topical term or geographic name entry element RSLS
690 ## - LOCAL SUBJECT ADDED ENTRY--TOPICAL TERM (OCLC, RLIN)
Topical term or geographic name as entry element Affordable housing
9 (RLIN) 6215
942 ## - ADDED ENTRY ELEMENTS (KOHA)
Suppress in OPAC 0
Holdings
Withdrawn status Lost status Source of classification or shelving scheme Damaged status Not for loan Home library Current library Shelving location Date acquired Total Checkouts Full call number Barcode Date last seen Copy number Price effective from Koha item type
    Dewey Decimal Classification     London London Journal article 09/06/2000   ABS62498 106405-1001 06/08/2019 1 06/08/2019 Journal article